000
00298nam a22001337a 4500
008
170927b xxu||||| |||| 00| 0 eng d
020
_a
9780618230174
041
_a
eng
080
_a
37
100
_a
46
101
_a
EDU
245
_a
COLLEGE ORAL COMMUNICATION 2
_c
ROEMER, A.E
942
_2
udc
_c
BK
999
_c
30101
_d
30101